| 000 | 00836nam a2200265 a 4500 | ||
|---|---|---|---|
| 003 | CO-ViMGA | ||
| 005 | 20230915225023.0 | ||
| 008 | 080430s2008 ck a jr 0001j spa d | ||
| 020 | _a9789584510365 | ||
| 040 |
_aCO-ViMGA _bspa _cCO-ViMGA |
||
| 041 | 1 | _heng | |
| 043 | _an-cn--- | ||
| 082 | 0 | 4 |
_aI819.3 _bB68f5 _221 |
| 100 | 1 |
_aBourgeois, Paulette. _9112 |
|
| 245 | 1 | 3 | _aLa fiesta de cumpleaños de Franklin / |
| 260 | 3 |
_aBogotá : _bGrupo Editorial Norma, _c2008. |
|
| 300 |
_a[28] p. : _bil. ; _c22 cm. |
||
| 534 |
_pTítulo original : _tFranklin's birthday party. |
||
| 650 | 1 | 4 |
_aCuentos infantiles canadienses. _9114 |
| 650 | 1 | 4 |
_aCumpleaños _v Cuentos infantiles. _9118 |
| 650 | 1 | 4 |
_aLibros ilustrados para niños. _987 |
| 700 | 1 |
_aClark, Brenda. _9619 |
|
| 700 | 1 |
_aHerrmann, Dahian, _etr. _9618 |
|
| 942 |
_2ddc _cBK |
||
| 999 |
_c11968 _d11968 |
||